=LDR 00000nam 2200000 4500 =001 INLIS000000000011014 =005 20130612102624 =008 ***********************************Ind** =035 ##$$0010-061300000011014 =041 ##$$a Ind =082 ##$$a 665.5 =090 ##$$a 665.3, Pri-4 =100 ##$$a Price, shirley =245 ##$$a Aromaterapi praktis, Shirly Price; alih Bahasa Arif Cegah wilopo =260 ##$$a 1995 $b Jakarta =300 ##$$a xii, 198 hlm, ilus, 21 cm =650 ##$$a Minyak dan Lemak =650 ##$$a Asal tumbuhan =700 ##$$a Wilopo, Arif Cegah =850 ##$$a NBPNMAT